Board and management audit (Record no. 28550)

MARC details
000 -LEADER
fixed length control field 00255nam a2200109Ia 4500
082 ## - DEWEY DECIMAL CLASSIFICATION NUMBER
Classification number 657.6
Item number WAS
100 ## - MAIN ENTRY--AUTHOR NAME
Personal name Washbrook, H
245 #0 - TITLE STATEMENT
Title Board and management audit
260 ## - PUBLICATION, DISTRIBUTION, ETC. (IMPRINT)
Place of publication London
Year of publication 1978
942 ## - ADDED ENTRY ELEMENTS (KOHA)
Koha item type Books
Holdings
Withdrawn status Lost status Damaged status Not for loan Home library Current library Date acquired Cost, normal purchase price Full call number Accession Number Koha item type
        RRII Library RRII Library 16/12/2021 10.00 657.6 WAS 09148 Books